Copy of papers respecting the proposed survey of lands under the Tithe Act (Record no. 104206)
[ view plain ]
| 000 -LEADER | |
|---|---|
| fixed length control field | 00523cam a22001815a 4500 |
| 001 - CONTROL NUMBER | |
| control field | L129473 |
| 008 - FIXED-LENGTH DATA ELEMENTS--GENERAL INFORMATION | |
| fixed length control field | 050421s1837 xxk 000 0 eng u |
| 035 ## - SYSTEM CONTROL NUMBER | |
| System control number | (Sirsi) u129473 |
| 041 ## - LANGUAGE CODE | |
| Language code of text/sound track or separate title | eng |
| 110 ## - MAIN ENTRY--CORPORATE NAME | |
| Corporate name or jurisdiction name as entry element | Tithe Commission |
| 9 (RLIN) | 4696 |
| 245 ## - TITLE STATEMENT | |
| Title | Copy of papers respecting the proposed survey of lands under the Tithe Act |
| 260 ## - PUBLICATION, DISTRIBUTION, ETC. | |
| Date of publication, distribution, etc. | 1837 |
| 300 ## - PHYSICAL DESCRIPTION | |
| Extent | 17p. |
| Other physical details | ill. |
| Dimensions | 34cm. |
| 583 ## - ACTION NOTE | |
| Action | Condition reviewed |
| Time/date of action | 20120612 |
| Status | condition level 4 |
| 651 #4 - SUBJECT ADDED ENTRY--GEOGRAPHIC NAME | |
| Geographic name | Great Britain |
| Chronological subdivision | 1707- |
| 690 ## - LOCAL SUBJECT ADDED ENTRY--TOPICAL TERM (OCLC, RLIN) | |
| Topical term or geographic name as entry element | Finance and taxation |
| 942 ## - ADDED ENTRY ELEMENTS (KOHA) | |
| Suppress in OPAC | 0 |
| Withdrawn status | Lost status | Source of classification or shelving scheme | Damaged status | Not for loan | Home library | Current library | Shelving location | Date acquired | Total Checkouts | Full call number | Barcode | Date last seen | Copy number | Price effective from | Koha item type |
|---|---|---|---|---|---|---|---|---|---|---|---|---|---|---|---|
| Dewey Decimal Classification | Historic collection | Historic collection | Historic collection | 21/04/2005 | FOLIO 1837 TITHE | 30078074 | 06/08/2019 | 1 | 06/08/2019 | Reference material |